Плейстоцен Понто-Каспия

Podrobná bibliografie
Hlavní autor: Федоров П. В. Павел Васильевич
Korporativní autor: Академия наук СССР (АН СССР) Геологический институт (ГИН)
Shrnutí:На основании нового фактического материала и многолетних исследований рассматривается стратиграфия плейстоценовых отложений Черного н Каспийского морей. Дается корреляция основных стратиграфических подразделений этих бассейнов и сопоставление их с региональной шкалой Русской равнины и Средиземноморья. В работе использован комплексный метод.Книга рассчитана на геологов и палеонтологов, занимающихся вопросами стратиграфии, новейшей геологической истории и палеогеографией юга европейской части СССР, Кавказского побережья и запада Средней Азии.
Jazyk:ruština
Vydáno: Москва, Наука, 1978
Edice:Труды геологического института (ГИН) Вып. 310
Témata:
Médium: MixedMaterials Kniha
KOHA link:https://koha.lib.tpu.ru/cgi-bin/koha/opac-detail.pl?biblionumber=370834

MARC

LEADER 00000nam0a2200000 4500
001 370834
005 20231102012323.0
035 |a (RuTPU)RU\TPU\retro\28243 
035 |a RU\TPU\retro\25383 
090 |a 370834 
100 |a 20220805d1978 k y0rusy50 ca 
101 0 |a rus 
102 |a RU 
105 |a a z 001zy 
200 1 |a Плейстоцен Понто-Каспия  |f П. В. Федоров  |g Академия наук СССР (АН СССР), Геологический институт (ГИН) 
210 |a Москва  |c Наука  |d 1978 
215 |a 165 с.  |c ил. 
225 1 |a Труды геологического института (ГИН)  |v Вып. 310 
320 |a Библиогр.: с. 160-164 
330 |a На основании нового фактического материала и многолетних исследований рассматривается стратиграфия плейстоценовых отложений Черного н Каспийского морей. Дается корреляция основных стратиграфических подразделений этих бассейнов и сопоставление их с региональной шкалой Русской равнины и Средиземноморья. В работе использован комплексный метод.Книга рассчитана на геологов и палеонтологов, занимающихся вопросами стратиграфии, новейшей геологической истории и палеогеографией юга европейской части СССР, Кавказского побережья и запада Средней Азии. 
606 1 |a Плейстоценовые отложения  |2 stltpush  |3 (RuTPU)RU\TPU\subj\49215  |9 68017 
610 1 |a стратиграфия 
610 1 |a Черное море 
610 1 |a Каспийское море 
610 1 |a корреляция 
610 1 |a Русская равнина 
610 1 |a средиземноморье 
610 1 |a Керченский пролив 
610 1 |a донные отложения 
675 |a 551.791  |v 3 
700 1 |a Федоров  |b П. В.  |g Павел Васильевич 
712 0 2 |a Академия наук СССР (АН СССР)  |b Геологический институт (ГИН)  |c (Москва)  |2 stltpush  |3 (RuTPU)RU\TPU\col\11354 
801 1 |a RU  |b 63413507  |c 20150211 
801 2 |a RU  |b 63413507  |c 20220808  |g RCR 
942 |c BK